00485nam a22001577a 450000500170000001000150001702000260003203500130005803700130007108200150008410000250009924500600012426000310018427000840021530000280029920150701111936.0 aENG-113019 a9789351434412c595.00 aEN-96551 bDBAD/PUB a343.540552 aRastogi, Abhishek A. aPocket guide to service tax / cby Abhishek A. Rastogi  aGurgaon bLexisNexisc2015 a14th Floor Building No.10, Tower-B, DLF Cyber City Phase-II, bGurgaon e122002 alviii,1045p.c20cm(pbk)